000 02244nam a2200337Ia 4500
005 20151120090017.0
008 130821n xx fr 0 lat d
040 _aCo-BoUCM
_bspa
_cSandra Yazo
_dSandra Yazo
041 0 _alat
082 0 4 _a340.54
_220
092 _aE02N080
130 0 _aCorpus Iuris Civilis
_pCodex
_973837
242 0 0 _aDoce libros con lecciones del Código del emperador Justiniano explicadas con notas de Dionisio Godofredo
_yspa
245 1 0 _aCodicis Iustiniani D. N. Sacratissimi Principis PP. Augusti, Repetitae Praelectionis Libri XII Notis Dionysii Gothofredi illustrati
250 _aPostrema editio prioribus auctior & emendatior [Última edición ampliada y mejor corregida que las anteriores]
260 _a[Lugar desconocido]
_b[Editorial desconocida]
_c[fecha desconocida]
300 _a[8], 972 columnas ; [8] páginas, 504 columnas
_c25 x 20 cm.
500 _aDetalles físicos: Encuadernación flexible en pergamino. Tapa delantera está perforada, rota y afecta el texto. Sin guardas. Ejemplar mútilo, sin portada, páginas iniciales, varias páginas intermedias y finales. Notorias perforaciones de insectos. Texto impreso en dos o cuatro columnas densas; texto del código en las columnas centrales, enmarcando por los comentarios. Edición tomada de la portadilla (después de la col. 972). Título asignado según la edición en línea
500 _aIncluye índice
505 0 _aComentarios al Código: Libros I – XII ; Auténticas: Título I – XXV ; Edictos del emperador Justiniano ; Constituciones del emperador León ; Cánones de los Apóstoles ; Costumbres de los Feudos
506 _aConsulta en sala
546 _aTexto en latín
600 2 4 _aJustiniano
_xCrítica e interpretación
_929958
_cEmperador de Oriente
_d482-565
650 7 _aDerecho romano
_xObras anteriores a 1800
_929420
650 7 _aDerecho romano
_xFuentes
_963971
650 7 _aDerecho feudal
_xObras anteriores a 1800
_912767
690 _942783
_aDerecho romano
700 1 _aGodefroy, Denis
_d1549-1621
_973838
856 4 1 _uhttp://reader.digitale-sammlungen.de/de/fs1/object/display/bsb10625827_00001.html
_zDisponible en línea edición similar
942 _cLIBRO
_a8
_e1
_2LOCAL
_hE02N080
999 _c67073
_d67073